000 00487cam a2200181ua 4500
001 5886
008 131026n ii |||gr||||Z||||||eng
040 _cMAIN
082 _a954
245 _aHistory of India
_cBy Narendra Krishna Sinha
260 _aCalcutta:
_bA Mukherjee & Co. Private Ltd.,
_c1967.
300 _avii,699p.
653 _aHistory
653 _aHistory of India
700 _aSinha,Narendra Kumar ,
_eAuthor.,
700 1 _aBanerjee,Anil Chandra,
_eAuthor.
942 _cBK
999 _c5040
_d5040